Normal view
MARC view
- Gracia Ana
Entry Personal Name
001 - CONTROL NUMBER
- control field: 16032
003 - CONTROL NUMBER IDENTIFIER
- control field: OSt
005 - DATE AND TIME OF LATEST TRANSACTION
- control field: 20220803170924.0
008 - FIXED-LENGTH DATA ELEMENTS
- fixed length control field: 220803|| aca||aabn | a|a d
040 ## - CATALOGING SOURCE
- Original cataloging agency: OSt
- Transcribing agency: OSt
100 ## - HEADING--PERSONAL NAME
- Personal name: Gracia Ana
670 ## - SOURCE DATA FOUND
- Source citation: Work cat.: (OSt)11619: Gracia Ana, Idea Decoration : Living Rooms-, 1994